UK Motorways - Statistics

General Stats
  • This quiz has been taken 590 times
  • The average score is 37 of 67
Answer Stats
Hint Answer % Correct
London To Carlisle M6
100%
The Gateway To The North M1
99%
London To Wales M4
99%
Birmingham To Exeter M5
99%
The Medway Motorway M2
98%
London To Southampton M3
98%
The London Orbital Motorway M25
94%
Scotland's Capital Motorway M8
94%
London To Cambridge M11
93%
Edinburgh To Stirling M9
93%
London To Dover M20
90%
London To Gatwick M23
90%
The Trans-Pennine Motorway M62
89%
Robin Hood's Motorway M18
88%
London To Birmingham M40
88%
Portsmouth & Southampton Bypass M27
86%
Birmingham's Southern & Eastern Motorway M42
86%
Links the above and the "London To Dover Motorway" M26
85%
The Manchester Orbital M60
85%
The Ross-On-Wye Spur M50
83%
Manchester To Chester M56
83%
The Bristol Spur M32
82%
Manchester To Preston M61
82%
The Rugby Spur M45
81%
Birmingham to Telford M54
81%
The Liverpool Orbital M57
81%
Liverpool To Wigan M58
81%
Preston To Colne M65
81%
The Old Severn Crossing M48
80%
The Blackpool Spur M55
80%
Denton & Hyde Motorway M67
80%
Wallasey To Chester Motorway M53
79%
Manchester To Whitefield M66
79%
Links the above and the "London To Wales Motorway" M49
78%
Glasgow To Carlisle (Northern Half) M74
76%
Glasgow To Stirling M80
74%
Firth Of Forth Northern Motorway M90
74%
Uddingston To Cumbernald M73
73%
The A1s Broken Upgrade A1(M)
43%
Throne To Grimsby M180
37%
The Scunthorpe Spur M181
30%
Into Leeds... And Back Again M621
28%
The Bradford Spur M606
25%
The Salford Spur M602
24%
Spagetti Junction To Birmingham A38(M)
22%
Horndean To Havant A3(M)
22%
The Totton Spur M271
22%
The Portsmouth Spur M275
22%
Glasgow To Carlisle (Southern Half) A74(M)
20%
Castleton To Cardiff A48(M)
16%
Leed's Central Motorway East A64(M)
16%
The Signed Western Mancunian Way A57(M)
15%
Leeds' Central Motorway West A58(M)
15%
The Darlington Spur A66(M)
14%
The Erskine Spur M898
14%
The Maidenhead Spur A404(M)
12%
Scotland's Dynamic Duo M876
12%
Newcastle's Double Decker A167(M)
10%
The Bray Spur A308(M)
10%
Bracknell To Reading A329(M)
10%
The Gateshead Spur A194(M)
9%
The Carnforth Spur A601(M)
8%
Rochdale To Chadderton A627(M)
8%
The Dunfermline Spur A823(M)
7%
The Unsigned Eastern Mancunian Way A635(M)
5%
The Cross-Country Motorway A14
0%
Chester To Anglesey A55
0%
No matching quizzes found
Score Distribution
Percent of People with Each Score
Percentile by Number Answered
Your Score History
You have not taken this quiz